Guess The Australian Cricket Team- Based On These Pictures. - Statistics

General Stats
  • This quiz has been taken 34 times
  • The average score is 10 of 11
Answer Stats
Picture Answer % Correct
Cummins
100%
Starc
100%
Smith
97%
Warner
97%
Lyon
94%
Khawaja
91%
Head
88%
Hazlewood
81%
Labuschagne
81%
Carey
78%
Green
78%
No matching quizzes found
Score Distribution
Percent of People with Each Score
Percentile by Number Answered
Your Score History
You have not taken this quiz